Normal view
MARC view
Entry Personal Name
001 - CONTROL NUMBER
- control field: 20229
003 - CONTROL NUMBER IDENTIFIER
- control field: OSt
005 - DATE AND TIME OF LATEST TRANSACTION
- control field: 20211105134454.0
008 - FIXED-LENGTH DATA ELEMENTS
- fixed length control field: 211105|| aca||aabn | a|a d
040 ## - CATALOGING SOURCE
- Original cataloging agency: OSt
- Transcribing agency: OSt
100 ## - HEADING--PERSONAL NAME
- Personal name: Koester, Detlev., ed
670 ## - SOURCE DATA FOUND
- Source citation: Work cat.: (OSt): European Workshop on White Dwarfs 9th Kiel 1994 Aug 29-Sep 1 20228, White dwarfs, 1995